Figuras de la violencia: vertientes del radicalismo político /
Na minha lista:
| Autor principal: | |
|---|---|
| Formato: | Texto |
| Assuntos: | |
| Tags: |
Adicionar Tag
Sem tags, seja o primeiro a adicionar uma tag!
|
MARC
| LEADER | 00000 a a2200000 04500 | ||
|---|---|---|---|
| 001 | 9615 | ||
| 003 | |||
| 040 | |||
| 100 | |a Mier, Raymundo | ||
| 245 | |a Figuras de la violencia: |b vertientes del radicalismo político / |c Raymundo Mier | ||
| 650 | |a VIOLENCIA | ||
| 650 | |a POLITICA | ||
| 650 | |a DERECHOS HUMANOS | ||
| 650 | |a TEORIA | ||
| 650 | |a JUSTICIA SOCIAL | ||
| 650 | |a JURISPRUDENCIA | ||
| 773 | |g volumen 3, número 11; páginas 425-442 | ||
| 999 | |c 36544 |d 36544 | ||
